El criterio seguido de la Historia de la filosofía

Saved in:
Bibliografiske detaljer
Hovedforfatter: Balmes Urpiá, Jaime Luciano (Author)
Format: Bog
Sprog:spansk
Udgivet: Madrid Ediciones Ibéricas 1959
Udgivelse:8a. ed
Serier:Biblioteca de Bolsillo
Fag:
Tags: Tilføj Tag
Ingen Tags, Vær først til at tagge denne postø!

MARC

LEADER 00000nam a2200000 a 4500
001 UCZ7930
003 CL-VaPUC
008 960112e19590000SP |||||||||||||||||spa|d
082 0 4 |a 121.65  |b BAL  |2 21 
100 0 |a Balmes Urpiá, Jaime Luciano  |e author  |9 352956 
245 1 3 |a El criterio seguido de la Historia de la filosofía 
250 |a 8a. ed 
300 |a 447 p 
942 |c BK 
945 |d 19960112 00:00:00  |a mcarcey 
260 |a Madrid  |b Ediciones Ibéricas  |c 1959 
650 0 |a Filosofía   |9 223554 
650 7 |a CRITERIO  |2 CL-VaPUC  |9 313808 
650 0 |a Historia  |9 255047 
583 |a last modification  |c 20190725 04:15:20  |k Rodrigo Vera 
490 0 |a Biblioteca de Bolsillo 
999 |c 243903  |d 243901 
952 |0 0  |1 0  |4 0  |6 121_650000000000000_BAL_1959  |7 0  |8 P  |9 257768  |a BIBEDU  |b BIBEDU  |c BIBEDU_PB  |d 2019-11-19  |i 3152251  |o 121.65 BAL 1959  |p 3152251  |r 2024-01-25  |w 2019-11-19  |y BK  |k EDU